[Event "Rated Blitz game"]
[Site "?"]
[Date "2021.06.04"]
[Round "?"]
[White "Chaozu"]
[Black "KinzyabulatovRenat"]
[Result "1-0"]
[WhiteElo "2458"]
[BlackElo "2386"]
[PlyCount "103"]
[EventDate "2021.??.??"]
[EventType "blitz"]

1. e4 e5 2. Nf3 d5 3. Nxe5 Bd6 4. d4 dxe4 5. Nc4 Nf6 6. Be2 O-O 7. Bg5 Be7 8.
Ne3 Nc6 9. c3 Be6 10. Bxf6 Bxf6 11. d5 Qe7 12. dxe6 Qxe6 13. Qb3 Qc8 14. Nd2
Re8 15. Bb5 Re6 16. Bxc6 Rxc6 17. Nxe4 Be7 18. O-O-O Re6 19. f3 a5 20. Nf5 Bf8
21. Qd5 a4 22. Ng5 Rf6 23. g4 h6 24. Ne4 Re6 25. Nc5 Rc6 26. Ne4 g6 27. Nd4 Rb6
28. g5 hxg5 29. Nxg5 Rf6 30. f4 Rxf4 31. Rhf1 c6 32. Qc4 b5 33. Qe2 Qc7 34. Kb1
Bh6 35. h4 a3 36. b4 c5 37. Nde6 fxe6 38. Qxe6+ Kh8 39. Qxg6 Bxg5 40. hxg5 Rxf1
41. Rxf1 Qh2 42. Qf6+ Kg8 43. Qe6+ Kh8 44. Qf6+ Kg8 45. Qf2 Qxf2 46. Rxf2 cxb4
47. cxb4 Kg7 48. Rf5 Rb8 49. Kc2 Rc8+ 50. Kb3 Ra8 51. Rxb5 Kg6 52. Rc5 {
Time forfeit} 1-0

[Event "Rated Blitz game"]
[Site "?"]
[Date "2021.06.04"]
[Round "?"]
[White "taoneto"]
[Black "KinzyabulatovRenat"]
[Result "0-1"]
[WhiteElo "2452"]
[BlackElo "2348"]
[PlyCount "70"]
[EventDate "2021.??.??"]
[EventType "blitz"]

1. e4 e5 2. Nf3 d5 3. exd5 e4 4. Qe2 Nf6 5. Nc3 Be7 6. Nxe4 Nxd5 7. d3 O-O 8.
Bd2 Re8 9. O-O-O f5 10. Ng3 Bf6 11. Be3 f4 12. Ne4 fxe3 13. fxe3 Nc6 14. a3 Bf5
15. Nfd2 Bg6 16. g4 b5 17. Bg2 Ne5 18. Nxf6+ Nxf6 19. Bxa8 Qxa8 20. Rhg1 a5 21.
Kb1 c5 22. e4 Nc6 23. Nf3 Nd4 24. Nxd4 cxd4 25. Qf2 Qa7 26. c3 Rd8 27. h4 Qd7
28. h5 Bf7 29. h6 dxc3 30. hxg7 Bb3 31. Qxf6 c2+ 32. Kc1 cxd1=Q+ 33. Rxd1 Bxd1
34. Kxd1 Qxd3+ 35. Ke1 Qxe4+ {Normal} 0-1

[Event "Rated Blitz game"]
[Site "?"]
[Date "2021.06.04"]
[Round "?"]
[White "lugoking"]
[Black "KinzyabulatovRenat"]
[Result "0-1"]
[WhiteElo "2432"]
[BlackElo "2415"]
[PlyCount "52"]
[EventDate "2021.??.??"]
[EventType "blitz"]

1. e4 e5 2. Nf3 d5 3. Nxe5 Bd6 4. d4 dxe4 5. Nc4 Nf6 6. Nc3 O-O 7. Be2 Nc6 8.
d5 Nb4 9. Bg5 Be7 10. Bxf6 Bxf6 11. Nxe4 Nxd5 12. Nxf6+ Nxf6 13. Qxd8 Rxd8 14.
O-O Bf5 15. Bf3 c6 16. Ne3 Bg6 17. Rad1 Kf8 18. c4 Bd3 19. Rfe1 Rd7 20. c5 Rad8
21. b4 Rd4 22. a3 g6 23. Rd2 Bb5 24. Red1 Rxd2 25. Rxd2 Rxd2 26. h4 h5 {Normal}
0-1

[Event "Rated Blitz game"]
[Site "?"]
[Date "2021.06.04"]
[Round "?"]
[White "TechnicalTrader"]
[Black "KinzyabulatovRenat"]
[Result "0-1"]
[WhiteElo "2502"]
[BlackElo "2388"]
[PlyCount "36"]
[EventDate "2021.??.??"]
[EventType "blitz"]

1. e4 e5 2. Nf3 d5 3. d3 dxe4 4. dxe4 Qxd1+ 5. Kxd1 Nf6 6. Nbd2 Ng4 7. Ke1 Bc5
8. Nb3 Bxf2+ 9. Ke2 Bb6 10. h3 Nf2 11. Rh2 Nc6 12. Be3 Nxe4 13. Rd1 O-O 14. g4
Ng3+ 15. Kf2 Nxf1 16. Rxf1 Be6 17. Bxb6 axb6 18. Ke3 Rxa2 {Normal} 0-1

[Event "Rated Blitz game"]
[Site "?"]
[Date "2021.06.04"]
[Round "?"]
[White "limosity"]
[Black "oJHoNTANGzKi76"]
[Result "1-0"]
[WhiteElo "2357"]
[BlackElo "2474"]
[PlyCount "77"]
[EventDate "2021.??.??"]
[EventType "blitz"]

1. e4 e5 2. Nf3 d5 3. exd5 e4 4. Qe2 Nf6 5. Nc3 Be7 6. Nxe4 O-O 7. Nxf6+ Bxf6
8. Qc4 b6 9. Qb3 Re8+ 10. Be2 Qe7 11. Ng1 Nd7 12. d3 Nc5 13. Qa3 Bb7 14. Be3
Bxd5 15. Nf3 Qe6 16. O-O Qg4 17. h3 Qg6 18. Rae1 Ne6 19. c3 c5 20. Qa4 Rad8 21.
Qg4 Bxf3 22. Bxf3 Qxd3 23. Be4 Qb5 24. c4 Qxb2 25. Bc1 Qxa2 26. Qf5 g6 27. Qxf6
Qxc4 28. Bh6 Qd4 29. Qxd4 Nxd4 30. Bd3 f5 31. Bb5 Nxb5 32. Rxe8+ Rxe8 33. Bg5
Nd4 34. h4 Kf7 35. h5 Re4 36. Rd1 Rg4 37. f3 Rxg5 38. g4 Rxh5 39. gxh5 {
Time forfeit} 1-0

[Event "Rated Blitz game"]
[Site "?"]
[Date "2021.06.04"]
[Round "?"]
[White "Stapfenoder"]
[Black "magos33"]
[Result "1-0"]
[WhiteElo "2397"]
[BlackElo "2417"]
[PlyCount "73"]
[EventDate "2021.??.??"]
[EventType "blitz"]

1. e4 e5 2. Nf3 d5 3. exd5 e4 4. Ne5 Qxd5 5. d4 exd3 6. Nxd3 Nf6 7. Nc3 Qa5 8.
Be2 c6 9. Bd2 Qc7 10. O-O Bd6 11. h3 O-O 12. Bg5 Nbd7 13. Qd2 h6 14. Bh4 a5 15.
Rad1 a4 16. Ne1 Bf4 17. Qd4 Be5 18. Qd2 Bf4 19. Qd4 Ra5 20. Nd3 Bd6 21. Ne4
Nxe4 22. Qxe4 a3 23. b4 Ra4 24. c3 Nb6 25. Nc1 Be6 26. Bd3 g6 27. Qe3 Bf4 28.
Qe2 Nd5 29. Bxg6 Nxc3 30. Bh7+ Kg7 31. Qh5 Kxh7 32. Rd3 Ne4 33. Rf3 Bg5 34.
Bxg5 Nxg5 35. Rf6 Kg8 36. Rxh6 Qe5 37. Nd3 {Time forfeit} 1-0

[Event "Rated Blitz game"]
[Site "?"]
[Date "2021.06.04"]
[Round "?"]
[White "cantorypoeta"]
[Black "liaqat321"]
[Result "0-1"]
[WhiteElo "2413"]
[BlackElo "2388"]
[PlyCount "70"]
[EventDate "2021.??.??"]
[EventType "blitz"]

1. e4 e5 2. Nf3 d5 3. exd5 e4 4. Nd4 Qxd5 5. Nb5 Qe5 6. d4 exd3+ 7. Be3 a6 8.
N5c3 dxc2 9. Qxc2 Bf5 10. Bd3 Bxd3 11. Qxd3 Nc6 12. O-O Bd6 13. f4 Qh5 14. Ne4
O-O-O 15. Nxd6+ Rxd6 16. Qc2 Nf6 17. h3 Re8 18. Rf3 Rde6 19. Bf2 Re2 20. Nd2
Rd8 21. Rd3 Rde8 22. Qc4 Na5 23. Qc3 Nc6 24. Rc1 Qf5 25. Rf3 Nd5 26. Qc5 Rxd2
27. Ra3 Nde7 28. Qe3 Rdd8 29. Rb3 Nd5 30. Qc5 Qxf4 31. Rxb7 Kxb7 32. Qxc6+ Kc8
33. Qxa6+ Kd7 34. Qc6+ Ke7 35. Qa6 Qxc1+ {Time forfeit} 0-1

[Event "Rated Blitz game"]
[Site "?"]
[Date "2021.06.04"]
[Round "?"]
[White "Izzrayizzix"]
[Black "KinzyabulatovRenat"]
[Result "0-1"]
[WhiteElo "2414"]
[BlackElo "2378"]
[PlyCount "128"]
[EventDate "2021.??.??"]
[EventType "blitz"]

1. e4 e5 2. Nf3 d5 3. Nxe5 Bd6 4. d4 dxe4 5. Nc4 Nf6 6. Nc3 O-O 7. Bg5 Be7 8.
Qd2 Nc6 9. O-O-O Re8 10. h4 h6 11. Bf4 Bb4 12. Ne3 Ne7 13. Bc4 c6 14. a3 Ba5
15. g4 Ned5 16. Nexd5 cxd5 17. Bb3 Bxg4 18. Rdg1 Rc8 19. Be5 h5 20. Qg5 Rxe5
21. dxe5 Bxc3 22. bxc3 Ne8 23. Qxd8 Rxd8 24. Re1 Nc7 25. Kb2 b5 26. a4 a6 27.
axb5 axb5 28. Ra1 Ne6 29. Ra5 Nc7 30. Ra7 Rc8 31. Rha1 Kf8 32. Rb7 Ke8 33. Raa7
Kd8 34. Rb6 Be6 35. Rd6+ Ke8 36. Kc1 g6 37. Kd2 Ke7 38. Rb6 Kd8 39. Ke3 Ne8 40.
Kd4 Nc7 41. Rbb7 g5 42. hxg5 h4 43. Ra1 h3 44. Kc5 Ne8+ 45. Kb4 Ng7 46. Kxb5
Rxc3 47. Kb4 Rc8 48. Rh1 Nh5 49. Rxf7 Bxf7 50. Rxh3 Ke7 51. Bxd5 Bxd5 52. Rxh5
Ke6 53. c3 Rc4+ 54. Kb3 Rc7+ 55. Kc2 Rg7 56. Rh6+ Kxe5 57. g6 Kf6 58. Rh7 Rxh7
59. gxh7 Kg7 60. Kd2 Kxh7 61. Ke3 Kg6 62. c4 Bc6 63. c5 Kf5 64. Kd4 Kf4 {
Time forfeit} 0-1

[Event "Rated Rapid game"]
[Site "?"]
[Date "2021.06.04"]
[Round "?"]
[White "dirtychesstricks"]
[Black "DarthZannah"]
[Result "0-1"]
[WhiteElo "2352"]
[BlackElo "2466"]
[PlyCount "34"]
[EventDate "2021.??.??"]
[EventType "rapid"]

1. e4 e5 2. Nf3 d5 3. Nxe5 dxe4 4. Nc3 Qd4 5. Ng4 f5 6. Ne3 Nf6 7. d3 Bb4 8.
Bd2 Nc6 9. a3 Bc5 10. Nb5 Qd8 11. Be2 a6 12. Nc3 f4 13. Nc4 b5 14. b4 Bd4 15.
Na5 Nxa5 16. bxa5 e3 17. fxe3 fxe3 {Normal} 0-1

[Event "Rated Blitz game"]
[Site "?"]
[Date "2021.06.04"]
[Round "?"]
[White "Almi0791"]
[Black "magos33"]
[Result "0-1"]
[WhiteElo "2305"]
[BlackElo "2417"]
[PlyCount "110"]
[EventDate "2021.??.??"]
[EventType "blitz"]

1. e4 e5 2. Nf3 d5 3. d4 dxe4 4. Nxe5 Bd6 5. Nc4 Nf6 6. Nc3 Bf5 7. Bg5 Be7 8.
Ne5 O-O 9. Bc4 Nbd7 10. O-O h6 11. Bh4 c6 12. Re1 Nb6 13. Bb3 Nbd5 14. Nxd5
cxd5 15. f3 a5 16. fxe4 Bxe4 17. c3 Nd7 18. Bxe7 Qxe7 19. Nxd7 Qxd7 20. Bc2 f5
21. Bxe4 fxe4 22. Qh5 Rf5 23. Qg6 Rf6 24. Qg3 Raf8 25. Rf1 Qf7 26. Rxf6 Qxf6
27. h3 b5 28. a3 a4 29. Re1 Qf4 30. Qxf4 Rxf4 31. g3 Rf3 32. Kg2 g5 33. Re2 Kg7
34. g4 Kg6 35. Rf2 Rd3 36. Rf5 Rd2+ 37. Kg3 Rxb2 38. Rxd5 Rb3 39. Re5 Rxc3+ 40.
Kg2 Rxa3 41. Rxb5 Rb3 42. Ra5 a3 43. d5 Kf6 44. Kh2 Ke5 45. Kg2 Kf4 46. d6 Rd3
47. d7 Rd2+ 48. Kg1 e3 49. Rxa3 Rxd7 50. Ra2 Kf3 51. Kh2 Rd2+ 52. Rxd2 exd2 53.
h4 d1=Q 54. h5 Qe2+ 55. Kg1 Qg2# {Normal} 0-1

[Event "Rated Blitz game"]
[Site "?"]
[Date "2021.06.04"]
[Round "?"]
[White "Piokosa"]
[Black "KinzyabulatovRenat"]
[Result "0-1"]
[WhiteElo "2405"]
[BlackElo "2396"]
[PlyCount "93"]
[EventDate "2021.??.??"]
[EventType "blitz"]

1. e4 e5 2. Nf3 d5 3. Nxe5 Bd6 4. d4 dxe4 5. Be2 Bxe5 6. dxe5 Qxd1+ 7. Bxd1 Nc6
8. Nc3 Bf5 9. Bf4 Nge7 10. g4 Bg6 11. Be2 O-O-O 12. O-O Nd5 13. Nxd5 Rxd5 14.
Rad1 Rhd8 15. c4 Rxd1 16. Rxd1 Nd4 17. Rd2 c5 18. Bd1 Kd7 19. h4 h6 20. g5 h5
21. b4 b6 22. bxc5 bxc5 23. Kg2 Ke6 24. Rb2 Kf5 25. Bg3 Rd7 26. Ba4 Rc7 27. e6
Re7 28. Bd7 fxe6 29. Rb7 Be8 30. Bc8 Rxb7 31. Bxb7 Bc6 32. Bxc6 Nxc6 33. Bd6
Ne5 34. Bxc5 Nxc4 35. Bxa7 e3 36. fxe3 Ke4 37. Kf2 g6 38. Bd4 e5 39. a4 exd4
40. exd4 Kxd4 41. a5 Nxa5 42. Kf3 Ke5 43. Kg3 Nc6 44. Kf3 Nd4+ 45. Kg3 Nf5+ 46.
Kf3 Nxh4+ 47. Kg3 {Normal} 0-1

[Event "Rated Blitz game"]
[Site "?"]
[Date "2021.06.04"]
[Round "?"]
[White "RomanovRG"]
[Black "pasha1984"]
[Result "1-0"]
[WhiteElo "2385"]
[BlackElo "2420"]
[PlyCount "54"]
[EventDate "2021.??.??"]
[EventType "blitz"]

1. e4 e5 2. Nf3 d5 3. exd5 e4 4. Qe2 Nf6 5. d3 Qxd5 6. Nbd2 Nc6 7. Nxe4 Be6 8.
Nc3 Bb4 9. Bd2 Bxc3 10. Bxc3 O-O-O 11. Qd2 Rhe8 12. Be2 h6 13. O-O Qh5 14. Ne5
Bg4 15. Nxg4 Nxg4 16. h3 f5 17. hxg4 fxg4 18. Rfe1 Qg6 19. Qf4 h5 20. Bf1 Rf8
21. Qg3 Qf5 22. Re4 g5 23. Rae1 h4 24. Qxg4 a6 25. Qxf5+ Rxf5 26. Be2 b5 27.
Bg4 Rdf8 {Normal} 1-0

[Event "Rated Blitz game"]
[Site "?"]
[Date "2021.06.04"]
[Round "?"]
[White "Hiscapator"]
[Black "pasha1984"]
[Result "1-0"]
[WhiteElo "2402"]
[BlackElo "2407"]
[PlyCount "39"]
[EventDate "2021.??.??"]
[EventType "blitz"]

1. e4 e5 2. Nf3 d5 3. Nxe5 dxe4 4. d4 Bd6 5. f4 Nf6 6. Bc4 O-O 7. O-O c5 8. c3
Nc6 9. Be3 cxd4 10. cxd4 Na5 11. Be2 Nd5 12. Qd2 Nxe3 13. Qxe3 Bxe5 14. fxe5
Nc6 15. Rd1 Bf5 16. Nc3 Qb6 17. Nxe4 Nxe5 18. Ng3 Ng4 19. Qf4 Qxb2 20. Bxg4 {
Normal} 1-0

[Event "Rated Blitz game"]
[Site "?"]
[Date "2021.06.04"]
[Round "?"]
[White "Principatibus"]
[Black "ferricerve"]
[Result "1-0"]
[WhiteElo "2596"]
[BlackElo "2563"]
[PlyCount "107"]
[EventDate "2021.??.??"]
[EventType "blitz"]

1. e4 e5 2. Nf3 d5 3. d4 dxe4 4. Nxe5 Bd6 5. Nc4 Nf6 6. Nxd6+ Qxd6 7. c3 O-O 8.
Be3 Ng4 9. Be2 Nxe3 10. fxe3 Qh6 11. Qd2 Nc6 12. Na3 Ne7 13. O-O-O Nd5 14. Nc2
a5 15. Kb1 Bd7 16. c4 Nb4 17. Rdf1 Ba4 18. Na3 Rad8 19. Rf4 c5 20. d5 b5 21.
Rhf1 bxc4 22. Bxc4 Qg6 23. g4 Bc6 24. Rf5 Bb7 25. h3 Nd3 26. Bxd3 exd3 27. e4
Ba6 28. Rg5 Qb6 29. h4 c4 30. h5 f6 31. Rgf5 Rc8 32. Ka1 c3 33. bxc3 Qc5 34.
Nb1 Bc4 35. g5 fxg5 36. Qxg5 Rxf5 37. Qxf5 Rf8 38. Qxf8+ Qxf8 39. Rxf8+ Kxf8
40. Nd2 Ba6 41. c4 g5 42. hxg6 hxg6 43. c5 g5 44. c6 Ke7 45. e5 g4 46. d6+ Ke6
47. Kb2 g3 48. Kc3 g2 49. Nf3 Bb5 50. c7 Bd7 51. Kxd3 Bc8 52. Ke3 Kd7 53. Kf2
Bb7 54. Kxg2 {Normal} 1-0

[Event "Rated Rapid game"]
[Site "?"]
[Date "2021.06.04"]
[Round "?"]
[White "Patufet"]
[Black "DarthZannah"]
[Result "1/2-1/2"]
[WhiteElo "2378"]
[BlackElo "2555"]
[PlyCount "75"]
[EventDate "2021.??.??"]
[EventType "rapid"]

1. e4 e5 2. Nf3 d5 3. Nxe5 dxe4 4. d4 Nd7 5. Nxd7 Bxd7 6. Be2 Bd6 7. O-O Qh4 8.
g3 Qh3 9. Nd2 Nf6 10. Re1 O-O-O 11. Bf1 Qf5 12. Bg2 Rde8 13. Nc4 Be7 14. Ne5
Rhf8 15. Nxd7 Kxd7 16. c4 Kc8 17. h3 Bb4 18. Re2 Rd8 19. Be3 h5 20. Qa4 Qa5 21.
Qxa5 Bxa5 22. d5 Nd7 23. Bxe4 Rfe8 24. Bf3 Ne5 25. Bxh5 g6 26. Bg4+ f5 27. Bd4
Nxc4 28. Rxe8 Rxe8 29. Bf3 Bb6 30. Bxb6 axb6 31. b3 Ne5 32. Bg2 Kd7 33. Rd1 Kd6
34. h4 Nd7 35. Bf3 Ne5 36. Bg2 Nd7 37. Bf3 Ne5 38. Bg2 {Normal} 1/2-1/2

[Event "Rated Blitz game"]
[Site "?"]
[Date "2021.06.04"]
[Round "?"]
[White "Raspje"]
[Black "annaly1979"]
[Result "1-0"]
[WhiteElo "2439"]
[BlackElo "2432"]
[PlyCount "89"]
[EventDate "2021.??.??"]
[EventType "blitz"]

1. e4 e5 2. Nf3 d5 3. exd5 e4 4. Nd4 c5 5. Nb3 f5 6. c4 Nf6 7. d3 Bd6 8. Nc3
O-O 9. dxe4 Nxe4 10. Nxe4 fxe4 11. Be3 b6 12. Qc2 Bf5 13. h3 Nd7 14. O-O-O Ne5
15. Kb1 a5 16. g4 Bg6 17. Bg2 Nd3 18. Nd2 Qe7 19. a3 a4 20. Bxe4 Bxe4 21. Nxe4
Qxe4 22. Qxd3 Qf3 23. Bc1 Qxf2 24. Rhf1 Qg2 25. Rf5 Rfe8 26. Rdf1 Rab8 27. Qf3
Qxf3 28. R5xf3 b5 29. cxb5 Rxb5 30. Re3 Rxe3 31. Bxe3 c4 32. Bc1 Bxa3 33. Kc2
Bd6 34. Rf4 Rb3 35. Rxc4 Rxh3 36. Rc6 Be5 37. d6 Kf7 38. d7 Ke7 39. Re6+ Kxe6
40. d8=Q Bf6 41. Qb6+ Kf7 42. Qb4 Rh2+ 43. Kb1 Rh1 44. Qc4+ Ke7 45. Qe4+ {
Normal} 1-0

[Event "Rated Rapid game"]
[Site "?"]
[Date "2021.06.04"]
[Round "?"]
[White "Carlseng"]
[Black "DarthZannah"]
[Result "1-0"]
[WhiteElo "2485"]
[BlackElo "2579"]
[PlyCount "155"]
[EventDate "2021.??.??"]
[EventType "rapid"]

1. e4 e5 2. Nf3 d5 3. exd5 e4 4. Qe2 Nf6 5. d3 Qxd5 6. Nbd2 e3 7. Nc4 Be7 8.
Nxe3 Qa5+ 9. Bd2 Qb6 10. Nc4 Qa6 11. d4 O-O 12. Nce5 Qb6 13. O-O-O Be6 14. c4
c5 15. d5 Bf5 16. Nh4 Bc8 17. g3 Nbd7 18. f4 Re8 19. Bc3 Nxe5 20. fxe5 Bg4 21.
Nf3 Nd7 22. h3 Bg5+ 23. Kb1 Bxf3 24. Qxf3 Nxe5 25. Qf5 Bf6 26. Qc2 Nf3 27. Bd3
Bxc3 28. Qxc3 Nd4 29. Rhe1 g6 30. Ka1 Qd6 31. Bb1 Ne2 32. Qb3 Nxg3 33. Rxe8+
Rxe8 34. Qxb7 a5 35. Qa7 Qe5 36. Qxa5 Rb8 37. Qc3 Qd6 38. Qf3 Nh5 39. Rf1 Rb7
40. Re1 Kg7 41. Qc3+ Nf6 42. Rf1 Rb6 43. a3 Kg8 44. Bc2 Nd7 45. Re1 Rb8 46. Ka2
Qh2 47. Ba4 Nb6 48. Re8+ Rxe8 49. Bxe8 Qe2 50. Bb5 Nxd5 51. cxd5 Qxb5 52. d6
Qc6 53. Qd3 Qd7 54. Qd5 c4 55. Qc5 Kf8 56. Qe5 Kg8 57. Qe7 Qxh3 58. Qe8+ Kg7
59. Qe5+ Kg8 60. Qe8+ Kg7 61. Qe5+ Kh6 62. Qf4+ Kh5 63. Qxc4 g5 64. Qxf7+ Kh6
65. Qf8+ Kg6 66. Qe8+ Kf6 67. Qe7+ Kg6 68. d7 g4 69. d8=Q g3 70. Qg8+ Kf5 71.
Qc8+ Kf4 72. Qxh3 Kf3 73. Qexh7 Kf2 74. Q7f5+ Ke2 75. Qxg3 Kd1 76. Qf1+ Kd2 77.
Qff2+ Kc1 78. Qgg1# {Normal} 1-0

[Event "Rated Blitz tournament kL7Yxh3y"]
[Site "?"]
[Date "2021.06.04"]
[Round "?"]
[White "chimera39"]
[Black "Jorny_Too_Pass"]
[Result "1-0"]
[WhiteElo "2545"]
[BlackElo "2262"]
[PlyCount "67"]
[EventDate "2021.??.??"]
[EventType "blitz"]

1. e4 e5 2. Nf3 d5 3. exd5 e4 4. Qe2 Nf6 5. d3 Be7 6. dxe4 O-O 7. c4 c6 8. e5
Bb4+ 9. Bd2 Bxd2+ 10. Nbxd2 Re8 11. d6 Bg4 12. O-O-O Nfd7 13. Qe4 Bxf3 14. Nxf3
Qa5 15. Kb1 Nxe5 16. Nxe5 Rxe5 17. Qg4 Qd8 18. Bd3 Nd7 19. Rhe1 h6 20. Bf5 Nf6
21. Qf4 Rxe1 22. Rxe1 Qa5 23. Re7 Rd8 24. d7 Qb4 25. Qe3 Kf8 26. c5 Qc4 27. b3
Qd5 28. Re5 Qd1+ 29. Kb2 a5 30. a4 Qg1 31. Qd4 Qxg2 32. Qd6+ Kg8 33. Qe7 Qxf2+
34. Ka3 {Time forfeit} 1-0

[Event "Rated Blitz game"]
[Site "?"]
[Date "2021.06.04"]
[Round "?"]
[White "StoreySniper"]
[Black "annaly1979"]
[Result "1-0"]
[WhiteElo "2454"]
[BlackElo "2431"]
[PlyCount "91"]
[EventDate "2021.??.??"]
[EventType "blitz"]

1. e4 e5 2. Nf3 d5 3. exd5 e4 4. Ne5 Bd6 5. Nc4 Nf6 6. Ne3 O-O 7. d4 a6 8. c4
b6 9. Nc3 Nbd7 10. Be2 Re8 11. Nf5 Nf8 12. Nxd6 Qxd6 13. Be3 Ng6 14. Qc2 Bd7
15. O-O-O a5 16. Kb1 a4 17. h4 a3 18. b3 Ng4 19. h5 Nf4 20. Nxe4 Bf5 21. Nxd6
Bxc2+ 22. Kxc2 Nxe3+ 23. fxe3 Nxe2 24. Nxe8 Rxe8 25. Kd3 Ng3 26. Rh3 Nf5 27. e4
Nd6 28. e5 Nf5 29. g4 Nh6 30. Rg3 Kf8 31. Re1 Ke7 32. c5 Rd8 33. d6+ Kd7 34.
Rf1 Kc6 35. g5 Ng8 36. Rxf7 cxd6 37. cxd6 Kd5 38. Rc7 Rf8 39. Ke3 g6 40. Rf3
Rxf3+ 41. Kxf3 gxh5 42. d7 Ne7 43. d8=Q+ Ke6 44. Rxe7+ Kf5 45. Qf8+ Kxg5 46.
Qf6# {Normal} 1-0

[Event "Rated Blitz game"]
[Site "?"]
[Date "2021.06.04"]
[Round "?"]
[White "Sasap64"]
[Black "liaqat321"]
[Result "0-1"]
[WhiteElo "2400"]
[BlackElo "2388"]
[PlyCount "100"]
[EventDate "2021.??.??"]
[EventType "blitz"]

1. e4 e5 2. Nf3 d5 3. exd5 e4 4. Qe2 Nf6 5. Nc3 Be7 6. Nxe4 Nxd5 7. Nc3 Nf6 8.
Qd3 Nbd7 9. Be2 O-O 10. O-O Nc5 11. Qxd8 Rxd8 12. d3 Bf5 13. Bf4 Bd6 14. Bxd6
cxd6 15. Nd4 Bg6 16. Bf3 Rab8 17. Rfe1 a6 18. Nd5 Nxd5 19. Bxd5 Kf8 20. Bb3 Re8
21. Kf1 Nxb3 22. axb3 Rbc8 23. Rxe8+ Kxe8 24. f4 f6 25. Kf2 Kd7 26. g4 Bf7 27.
c3 h5 28. h3 hxg4 29. hxg4 Rh8 30. Kg3 Bd5 31. b4 Re8 32. Rd1 Re3+ 33. Kf2 Rh3
34. c4 Bc6 35. Nxc6 Kxc6 36. Rd2 b5 37. b3 d5 38. c5 d4 39. Kg2 Re3 40. g5 Kd5
41. gxf6 gxf6 42. Ra2 Rxd3 43. Rxa6 Rxb3 44. Rxf6 Rxb4 45. c6 Rc4 46. Kf3 Rxc6
47. Rf8 b4 48. Rf5+ Kc4 49. Ke4 b3 50. Rf8 Rb6 {Normal} 0-1

[Event "Rated Blitz game"]
[Site "?"]
[Date "2021.06.04"]
[Round "?"]
[White "andro2"]
[Black "Slimslik02"]
[Result "1-0"]
[WhiteElo "2405"]
[BlackElo "2326"]
[PlyCount "57"]
[EventDate "2021.??.??"]
[EventType "blitz"]

1. e4 e5 2. Nf3 d5 3. Nc3 d4 4. Ne2 Bd6 5. d3 Nf6 6. c3 c5 7. b4 b6 8. bxc5
bxc5 9. cxd4 cxd4 10. Ng3 O-O 11. Be2 a5 12. O-O a4 13. Nh4 a3 14. Nhf5 Bb4 15.
Bg5 Bc3 16. Rc1 Bxf5 17. Nxf5 Nbd7 18. f4 Qa5 19. fxe5 Qxe5 20. Bg4 Kh8 21. Bh3
Qb5 22. Qf3 Ne5 23. Qg3 Ng6 24. Nxg7 Nxe4 25. dxe4 Kxg7 26. Bf6+ Kg8 27. e5
Rae8 28. Qg5 Rxe5 29. Qh6 {Time forfeit} 1-0

[Event "Rated Blitz game"]
[Site "?"]
[Date "2021.06.04"]
[Round "?"]
[White "chessbraht"]
[Black "KinzyabulatovRenat"]
[Result "0-1"]
[WhiteElo "2434"]
[BlackElo "2382"]
[PlyCount "34"]
[EventDate "2021.??.??"]
[EventType "blitz"]

1. e4 e5 2. Nf3 d5 3. Nxe5 Bd6 4. d4 dxe4 5. Nc4 Nf6 6. Be2 Nc6 7. O-O Nxd4 8.
Nxd6+ Qxd6 9. Bc4 O-O 10. Be3 Ng4 11. g3 Nf3+ 12. Kg2 Nxe3+ 13. fxe3 Bh3+ 14.
Kxh3 Qh6+ 15. Kg4 Qg5+ 16. Kh3 Qh5+ 17. Kg2 Qxh2# {Normal} 0-1

[Event "Rated Blitz game"]
[Site "?"]
[Date "2021.06.04"]
[Round "?"]
[White "stuffings"]
[Black "KinzyabulatovRenat"]
[Result "1-0"]
[WhiteElo "2417"]
[BlackElo "2385"]
[PlyCount "45"]
[EventDate "2021.??.??"]
[EventType "blitz"]

1. e4 e5 2. Nf3 d5 3. Nxe5 Bd6 4. d4 dxe4 5. Nc3 Bxe5 6. dxe5 Qxd1+ 7. Kxd1 Nc6
8. Bb5 Bd7 9. Bf4 Nge7 10. Nxe4 O-O-O 11. Kc1 Ng6 12. Bg3 h5 13. h4 Ngxe5 14.
Nc5 Bf5 15. Re1 f6 16. f4 a6 17. Ba4 Rd5 18. fxe5 Rxc5 19. exf6 gxf6 20. c3 Rg8
21. Re3 b5 22. Bb3 b4 23. Bxg8 {Normal} 1-0

[Event "Rated Blitz game"]
[Site "?"]
[Date "2021.06.04"]
[Round "?"]
[White "TryingMyBestLOL"]
[Black "liaqat321"]
[Result "1-0"]
[WhiteElo "2419"]
[BlackElo "2384"]
[PlyCount "67"]
[EventDate "2021.??.??"]
[EventType "blitz"]

1. e4 e5 2. Nf3 d5 3. Nxe5 Bd6 4. d4 dxe4 5. Nc4 Nf6 6. Be2 Bf5 7. h3 Nc6 8.
Nxd6+ Qxd6 9. c3 O-O 10. O-O Rfe8 11. Bd2 Rad8 12. Bg5 Qe6 13. Qb3 Bxh3 14.
gxh3 Qxh3 15. Qxb7 Rd5 16. Bf4 Rf5 17. Qxc7 Ne7 18. Bd2 h6 19. c4 Ng6 20. Qh2
Qh4 21. d5 Rg5+ 22. Bxg5 Qxg5+ 23. Qg3 Qf5 24. Nc3 Nf4 25. Rae1 h5 26. Nb5 Rd8
27. Kh1 Ng4 28. Nd4 Qg5 29. Bxg4 hxg4 30. Rxe4 Ng6 31. Kg1 f5 32. Qc7 fxe4 33.
Ne6 Qf5 34. Qxg7# {Normal} 1-0

[Event "Rated Blitz game"]
[Site "?"]
[Date "2021.06.04"]
[Round "?"]
[White "zaguer"]
[Black "KinzyabulatovRenat"]
[Result "1-0"]
[WhiteElo "2492"]
[BlackElo "2411"]
[PlyCount "21"]
[EventDate "2021.??.??"]
[EventType "blitz"]

1. e4 e5 2. Nf3 d5 3. Nxe5 Bd6 4. Nxf7 Kxf7 5. Qh5+ Kf8 6. Qxd5 Nf6 7. Qg5 Nxe4
8. Qxd8+ Kf7 9. Qxh8 Nc6 10. Bc4+ Kg6 11. Bd3 {Normal} 1-0

[Event "Rated Blitz game"]
[Site "?"]
[Date "2021.06.04"]
[Round "?"]
[White "RomanovRG"]
[Black "KinzyabulatovRenat"]
[Result "1/2-1/2"]
[WhiteElo "2396"]
[BlackElo "2405"]
[PlyCount "127"]
[EventDate "2021.??.??"]
[EventType "blitz"]

1. e4 e5 2. Nf3 d5 3. exd5 e4 4. Qe2 Nf6 5. d3 Qxd5 6. Nbd2 Nc6 7. Nxe4 Be6 8.
Bf4 O-O-O 9. Nc3 Qa5 10. Bd2 Bb4 11. a3 Rhe8 12. O-O-O Bxa3 13. Nb1 Bb4 14. Be3
Qa1 15. c3 Ba2 16. Qc2 Nd5 17. Nfd2 Rxe3 18. fxe3 Nxe3 19. Qa4 Nxd1 20. Kxd1
Qxb2 21. Qc2 Qxc2+ 22. Kxc2 Bxb1+ 23. Nxb1 Bd6 24. d4 Re8 25. Bb5 a6 26. Bxc6
bxc6 27. Kd3 c5 28. Nd2 cxd4 29. cxd4 Kd7 30. Ra1 Ra8 31. Nc4 Bxh2 32. Rh1 Bd6
33. Rxh7 Rg8 34. Ne3 a5 35. Nf5 Bf8 36. Kc4 a4 37. Ne3 a3 38. Rh1 Bd6 39. Ra1
Re8 40. Kd3 g6 41. Nc4 Ra8 42. Ra2 Ra4 43. Kc3 Kc6 44. Kb3 Rb4+ 45. Kc3 Kd5 46.
Nxa3 Rxd4 47. Nc2 Rc4+ 48. Kd3 Be5 49. Ne3+ Kc5 50. Nxc4 Bd6 51. Ra5+ Kb4 52.
Nxd6 Kxa5 53. Nxf7 g5 54. Ne5 Kb4 55. Nf3 g4 56. Ne5 g3 57. Ng6 c5 58. Kc2 c4
59. Nf4 Kc5 60. Nh5 Kd4 61. Nxg3 Ke3 62. Ne2 Kf2 63. Kc3 Kxg2 64. Kxc4 {Normal}
1/2-1/2

[Event "Rated Blitz game"]
[Site "?"]
[Date "2021.06.04"]
[Round "?"]
[White "the0storm"]
[Black "pasha1984"]
[Result "0-1"]
[WhiteElo "2399"]
[BlackElo "2405"]
[PlyCount "132"]
[EventDate "2021.??.??"]
[EventType "blitz"]

1. e4 e5 2. Nf3 d5 3. exd5 e4 4. Qe2 Nf6 5. Nc3 Be7 6. Nxe4 Nxd5 7. d4 O-O 8.
Bd2 Re8 9. O-O-O Bf8 10. Qd3 Bf5 11. Re1 Nc6 12. g4 Ndb4 13. Nf6+ Qxf6 14. Qxf5
Rxe1+ 15. Bxe1 Qxf5 16. gxf5 Nxa2+ 17. Kb1 Nab4 18. Bc4 Rd8 19. c3 Nd5 20. Bd2
h6 21. Rg1 Kh7 22. Re1 a6 23. Ne5 Nxe5 24. Rxe5 c6 25. Kc2 Bd6 26. Re2 Bxh2 27.
Bxd5 Rxd5 28. f4 Bg3 29. Kd3 Rxf5 30. Ke4 Rf6 31. Rg2 Bh4 32. f5 g6 33. fxg6+
fxg6 34. Bf4 g5 35. Be5 Rf7 36. Bd6 Kg6 37. Ke5 h5 38. Ke6 g4 39. Be5 Bg5 40.
b4 Bf4 41. Kd6 Rf6+ 42. Ke7 Rf7+ 43. Ke6 Rf8 44. Ke7 Rf5 45. Ke6 g3 46. Bxf4
Rxf4 47. Rxg3+ Rg4 48. Rh3 h4 49. Kd7 Kg5 50. Kc7 Rg3 51. Rh1 Kg4 52. Kxb7 Rxc3
53. Kb6 Rc4 54. Kxa6 Rxb4 55. Rc1 Rxd4 56. Rxc6 h3 57. Rg6+ Kf3 58. Rf6+ Kg2
59. Rh6 h2 60. Kb6 Rd3 61. Kc5 Rh3 62. Rg6+ Rg3 63. Rh6 h1=Q 64. Rxh1 Kxh1 65.
Kd4 Kg2 66. Ke4 Rf3 {Time forfeit} 0-1